[Event "ESP-chT 2nd Division 2019"]
[Site "Linares"]
[Date "2019.08.22"]
[Round "5.22"]
[White "Martin Gonzalez, Angel"]
[Black "Silva Rodriguez, Julio Jose"]
[Result "1/2-1/2"]
[WhiteElo "2334"]
[BlackElo "2362"]
[Annotator "ChessBase"]
[PlyCount "211"]
[EventDate "2019.08.19"]
[EventType "team-tourn"]
[EventCountry "ESP"]
[SourceTitle "playchess.com"]
[Source "ChessBase"]
[SourceQuality "1"]
[TimeControl "5400+30"]

1. e4 {[%emt 0:00:00]} e6 {[%emt 0:00:00]} 2. d4 {[%emt 0:00:00]} d5 {[%emt 0:00:00]} 3. Nd2 {[%emt 0:00:41]} Be7 {[%emt 0:01:38]} 4. Ngf3 {[%emt 0:00:19]} Nf6 {[%emt 0:02:06]} 5. Bd3 {[%emt 0:00:28]} c5 {[%emt 0:00:21]} 6. c3 {[%emt 0:01:07]} cxd4 {[%emt 0:02:46]} 7. cxd4 {[%emt 0:01:10]} dxe4 {[%emt 0:00:10]} 8. Nxe4 {[%emt 0:00:06]} Bd7 {[%emt 0:00:06]} 9. Nc3 {[%emt 0:00:59]} Bc6 {[%emt 0:03:25]} 10. O-O {[%emt 0:02:09]} Nbd7 {[%emt 0:01:35]} 11. Re1 {[%emt 0:04:19]} Nb6 {[%emt 0:04:42]} 12. Ne5 {[%emt 0:01:49]} Nbd5 {[%emt 0:07:57]} 13. a3 {[%emt 0:14:03]} Rc8 {[%emt 0:08:35]} 14. Bc2 {[%emt 0:05:41]} Nxc3 {[%emt 0:29:31]} 15. bxc3 {[%emt 0:00:24]} Qd5 {[%emt 0:02:34]} 16. f3 {[%emt 0:01:24]} O-O {[%emt 0:01:01]} 17. a4 {[%emt 0:20:07]} Rfd8 {[%emt 0:03:30]} 18. a5 {[%emt 0:00:57]} Be8 {[%emt 0:03:11]} 19. Qd3 {[%emt 0:03:59]} Bb5 {[%emt 0:03:06]} 20. Qe3 {[%emt 0:00:17]} Bd6 {[%emt 0:03:25]} 21. f4 {[%emt 0:10:16]} Bb4 {[%emt 0:03:53]} 22. Bd2 {[%emt 0:01:36]} Rc7 {[%emt 0:08:36]} 23. Bd1 {[%emt 0:10:14]} Bf8 {[%emt 0:01:11]} 24. Qh3 {[%emt 0:02:39]} Bc4 {[%emt 0:02:03]} 25. Bf3 {[%emt 0:02:43]} Qd6 {[%emt 0:00:28]} 26. Nxc4 {[%emt 0:00:08]} Rxc4 {[%emt 0:00:16]} 27. Bxb7 {[%emt 0:00:02]} Nd5 {[%emt 0:01:28]} 28. Qf3 {[%emt 0:02:10]} Qc7 {[%emt 0:00:58]} 29. Ba6 {[%emt 0:00:40]} Rxc3 {[%emt 0:01:29]} 30. Bxc3 {[%emt 0:00:15]} Nxc3 {[%emt 0:00:04]} 31. f5 {[%emt 0:02:32]} exf5 {[%emt 0:01:05]} 32. Qxf5 {[%emt 0:00:13]} g6 {[%emt 0:02:03]} 33. Qd3 {[%emt 0:03:33]} Bc5 {[%emt 0:01:52]} 34. Kh1 {[%emt 0:01:41]} Bxd4 {[%emt 0:00:30]} 35. Qc4 {[%emt 0:02:13]} Qxc4 {[%emt 0:01:02]} 36. Bxc4 {[%emt 0:00:02]} Ne4 {[%emt 0:00:12]} 37. Rxe4 {[%emt 0:02:11]} Bxa1 {[%emt 0:00:09]} 38. g3 {[%emt 0:00:06]} Rd7 {[%emt 0:00:13]} 39. a6 {[%emt 0:00:23]} Kg7 {[%emt 0:00:10]} 40. Re8 {[%emt 0:00:28]} Bd4 {[%emt 0:00:39]} 41. Rb8 {[%emt 0:00:18]} Rc7 {[%emt 0:00:40]} 42. Bd5 {[%emt 0:00:42]} Rc2 {[%emt 0:00:32]} 43. Rb7 {[%emt 0:00:15]} Rf2 {[%emt 0:00:18]} 44. Rd7 {[%emt 0:00:43]} Bb6 {[%emt 0:00:52]} 45. Rb7 {[%emt 0:01:05]} Be3 {[%emt 0:00:11]} 46. Re7 {[%emt 0:00:05]} Bd4 {[%emt 0:00:02]} 47. Rd7 {[%emt 0:00:02]} Bb6 {[%emt 0:00:12]} 48. Rb7 {[%emt 0:00:10]} Rf6 {[%emt 0:00:02]} 49. Kg2 {[%emt 0:02:45]} g5 {[%emt 0:00:40]} 50. g4 {[%emt 0:00:07]} Bd4 {[%emt 0:00:41]} 51. Rd7 {[%emt 0:00:29]} Bc5 {[%emt 0:00:50]} 52. Rc7 {[%emt 0:01:07]} Rf2+ {[%emt 0:01:28]} 53. Kg3 {[%emt 0:00:00]} Bd4 {[%emt 0:00:17]} 54. Rd7 {[%emt 0:00:16]} Rf4 {[%emt 0:00:29]} 55. h3 {[%emt 0:00:36]} h6 {[%emt 0:00:45]} 56. Kg2 {[%emt 0:00:08]} Rf2+ {[%emt 0:00:10]} 57. Kg3 {[%emt 0:00:09]} Rf6 {[%emt 0:00:26]} 58. Kg2 {[%emt 0:00:00]} Bb6 {[%emt 0:00:55]} 59. Rb7 {[%emt 0:00:08]} Kf8 {[%emt 0:00:21]} 60. Rb8+ {[%emt 0:02:42]} Kg7 {[%emt 0:00:52]} 61. Rb7 {[%emt 0:00:01]} Rf2+ {[%emt 0:00:45]} 62. Kg3 {[%emt 0:00:09]} Bc5 {[%emt 0:00:19]} 63. Rc7 {[%emt 0:00:17]} Bd4 {[%emt 0:00:22]} 64. Rd7 {[%emt 0:00:28]} Rf4 {[%emt 0:00:23]} 65. Kg2 {[%emt 0:02:51]} Bc5 {[%emt 0:01:02]} 66. Rc7 {[%emt 0:00:11]} Be3 {[%emt 0:00:25]} 67. Re7 {[%emt 0:00:13]} Bd4 {[%emt 0:00:29]} 68. Rd7 {[%emt 0:00:08]} Rf2+ {[%emt 0:00:27]} 69. Kg3 {[%emt 0:00:08]} Rf6 {[%emt 0:00:36]} 70. Kg2 {[%emt 0:03:35]} Kf8 {[%emt 0:00:44]} 71. Bxf7 {[%emt 0:01:01]} Rxf7 {[%emt 0:00:23]} 72. Rxd4 {[%emt 0:00:04]} Rf6 {[%emt 0:00:08]} 73. Ra4 {[%emt 0:00:12]} Ke7 {[%emt 0:00:12]} 74. Kg3 {[%emt 0:01:19]} Rb6 {[%emt 0:00:26]} 75. Ra3 {[%emt 0:00:16]} Kd6 {[%emt 0:00:20]} 76. h4 {[%emt 0:00:01]} Kc5 {[%emt 0:00:46]} 77. hxg5 {[%emt 0:00:50]} hxg5 {[%emt 0:00:02]} 78. Kf3 {[%emt 0:00:42]} Kb4 {[%emt 0:00:31]} 79. Ra1 {[%emt 0:00:13]} Rf6+ {[%emt 0:00:28]} 80. Kg3 {[%emt 0:00:39]} Kb5 {[%emt 0:00:18]} 81. Re1 {[%emt 0:00:36]} Kxa6 {[%emt 0:01:14]} 82. Re5 {[%emt 0:00:01]} Rg6 {[%emt 0:00:12]} 83. Kf3 {[%emt 0:00:00]} Kb6 {[%emt 0:00:17]} 84. Ke4 {[%emt 0:00:02]} a5 {[%emt 0:00:10]} 85. Kd4 {[%emt 0:01:10]} Rd6+ {[%emt 0:01:26]} 86. Kc4 {[%emt 0:00:02]} Rc6+ {[%emt 0:00:15]} 87. Kd4 {[%emt 0:00:23]} Rd6+ {[%emt 0:00:12]} 88. Kc4 {[%emt 0:00:02]} Rc6+ {[%emt 0:00:06]} 89. Kd4 {[%emt 0:00:03]} a4 {[%emt 0:00:27]} 90. Rxg5 {[%emt 0:00:01]} a3 {[%emt 0:00:24]} 91. Rg8 {[%emt 0:00:18]} Ka5 {[%emt 0:00:39]} 92. Ra8+ {[%emt 0:00:21]} Kb4 {[%emt 0:00:18]} 93. Rb8+ {[%emt 0:00:33]} Ka4 {[%emt 0:00:09]} 94. Ra8+ {[%emt 0:00:14]} Kb3 {[%emt 0:00:25]} 95. Rb8+ {[%emt 0:00:05]} Kc2 {[%emt 0:00:17]} 96. Ra8 {[%emt 0:00:01]} Rc3 {[%emt 0:01:58]} 97. g5 {[%emt 0:00:45]} Kb2 {[%emt 0:00:20]} 98. Ke5 {[%emt 0:00:24]} a2 {[%emt 0:00:48]} 99. Rxa2+ {[%emt 0:00:13]} Kxa2 {[%emt 0:00:04]} 100. g6 {[%emt 0:00:06]} Rc6 {[%emt 0:00:25]} 101. Kf5 {[%emt 0:00:04]} Kb3 {[%emt 0:00:20]} 102. g7 {[%emt 0:00:00]} Rc8 {[%emt 0:00:10]} 103. Ke6 {[%emt 0:00:01]} Kc4 {[%emt 0:00:13]} 104. Kf7 {[%emt 0:00:00]} Rc7+ {[%emt 0:00:13]} 105. Kf6 {[%emt 0:00:01]} Rxg7 {[%emt 0:00:13]} 106. Kxg7 {[%emt 0:00:01]} 1/2-1/2

[Event "ESP-chT 2nd Division 2019"]
[Site "Linares"]
[Date "2019.08.22"]
[Round "5.23"]
[White "Nieves Cabanes, Jose Manuel"]
[Black "Jimenez Ruano, Adrian"]
[Result "1-0"]
[WhiteElo "2311"]
[BlackElo "2278"]
[Annotator "NA"]
[PlyCount "65"]
[EventDate "2019.08.19"]
[EventType "team-tourn"]
[EventCountry "ESP"]
[SourceTitle "playchess.com"]
[Source "ChessBase"]
[SourceQuality "1"]
[TimeControl "5400+30"]

1. d4 {[%emt 0:00:00]} Nf6 {[%emt 0:00:00]} 2. Bf4 {[%emt 0:00:00]} d5 {[%emt 0:00:58]} 3. e3 {[%emt 0:02:02]} c5 {[%emt 0:05:04]} 4. c3 {[%emt 0:02:48]} Qb6 {[%emt 0:00:06]} 5. Qb3 {[%emt 0:01:20]} c4 {[%emt 0:00:47]} 6. Qc2 {[%emt 0:00:57]} Nc6 {[%emt 0:00:10]} 7. Nd2 {[%emt 0:00:53]} g6 {[%emt 0:06:07]} 8. e4 dxe4 {[%emt 0:15:50]} 9. Bxc4 {[%emt 0:06:48]} Na5 {[%emt 0:00:21]} 10. Be2 {[%emt 0:04:44]} Bf5 {[%emt 0:03:40]} 11. Be3 {[%emt 0:05:14]} Nd5 {[%emt 0:03:58]} 12. g4 {[%emt 0:08:28]} Nxe3 {[%emt 0:00:41]} 13. fxe3 {[%emt 0:00:10]} Bd7 {[%emt 0:03:19]} 14. Nxe4 {[%emt 0:03:58]} f5 {[%emt 0:09:08]} 15. gxf5 {[%emt 0:07:22]} Bxf5 {[%emt 0:00:43]} 16. Bd3 {[%emt 0:07:32]} Bh6 {[%emt 0:07:48]} 17. Qe2 {[%emt 0:06:07]} Rc8 {[%emt 0:12:43]} 18. Bb5+ {[%emt 0:05:21]} Kf7 {[%emt 0:02:58]} 19. Ng3 {[%emt 0:03:02]} Be6 {[%emt 0:01:33]} 20. Nf3 {[%emt 0:01:46]} Kg7 {[%emt 0:00:48]} 21. Ne5 {[%emt 0:03:04]} Rhf8 {[%emt 0:06:21]} 22. Bd3 {[%emt 0:05:31]} Bh3 {[%emt 0:04:53]} 23. Rg1 {[%emt 0:02:45]} Kh8 {[%emt 0:00:44]} 24. Ne4 {[%emt 0:01:17]} Bf5 {[%emt 0:02:31]} 25. h4 {[%emt 0:03:35]} Qe6 {[%emt 0:04:58]} 26. h5 {[%emt 0:01:01]} Bxe4 {[%emt 0:00:14]} 27. Bxe4 {[%emt 0:00:14]} Qh3 {[%emt 0:00:00]} 28. Kd2 {[%emt 0:05:15]} Qh4 {[%emt 0:01:50]} 29. Rg4 {[%emt 0:02:44]} Qf2 {[%emt 0:01:22]} 30. hxg6 {[%emt 0:01:37]} Rcd8 {[%emt 0:03:54]} 31. Qxf2 {[%emt 0:01:31]} Rxf2+ {[%emt 0:00:01]} 32. Kd3 {[%emt 0:00:33]} hxg6 {[%emt 0:01:58]} 33. Rh1 {[%emt 0:00:20]} 1-0

[Event "ESP-chT 2nd Division 2019"]
[Site "Linares"]
[Date "2019.08.22"]
[Round "5.24"]
[White "Sanchez Lopez, Juan Manuel"]
[Black "Nieves Cabanes, Javier"]
[Result "1-0"]
[WhiteElo "2084"]
[BlackElo "2211"]
[Annotator "NA"]
[PlyCount "107"]
[EventDate "2019.08.19"]
[EventType "team-tourn"]
[EventCountry "ESP"]
[SourceTitle "playchess.com"]
[Source "ChessBase"]
[SourceQuality "1"]
[TimeControl "5400+30"]

1. c4 {[%emt 0:04:21]} e5 {[%emt 0:00:00]} 2. g3 {[%emt 0:00:04]} Nf6 {[%emt 0:00:19]} 3. Bg2 {[%emt 0:00:05]} h6 {[%emt 0:00:44]} 4. d3 {[%emt 0:00:19]} Bc5 {[%emt 0:04:30]} 5. Nc3 {[%emt 0:00:09]} Nc6 {[%emt 0:00:49]} 6. e3 {[%emt 0:00:04]} d6 {[%emt 0:05:15]} 7. Nge2 {[%emt 0:00:53]} a6 {[%emt 0:00:34]} 8. a3 {[%emt 0:00:10]} O-O {[%emt 0:00:55]} 9. O-O {[%emt 0:00:43]} Bg4 {[%emt 0:01:43]} 10. b4 {[%emt 0:00:50]} Ba7 {[%emt 0:00:22]} 11. Qc2 {[%emt 0:02:18]} Qd7 {[%emt 0:03:48]} 12. Bb2 {[%emt 0:06:20]} Bh3 {[%emt 0:01:45]} 13. Nd5 {[%emt 0:01:39]} Nxd5 {[%emt 0:04:18]} 14. cxd5 {[%emt 0:00:13]} Bxg2 {[%emt 0:00:16]} 15. Kxg2 {[%emt 0:01:00]} Ne7 {[%emt 0:00:05]} 16. Rac1 {[%emt 0:01:57]} Rac8 {[%emt 0:01:22]} 17. e4 {[%emt 0:04:26]} c6 {[%emt 0:02:52]} 18. dxc6 {[%emt 0:00:33]} Nxc6 {[%emt 0:00:44]} 19. Qb3 {[%emt 0:17:39]} Kh8 {[%emt 0:02:15]} 20. f4 {[%emt 0:03:24]} f5 {[%emt 0:01:06]} 21. fxe5 {[%emt 0:08:13]} Nxe5 {[%emt 0:11:36]} 22. d4 {[%emt 0:05:56]} Rxc1 {[%emt 0:05:20]} 23. Bxc1 {[%emt 0:04:05]} Ng4 {[%emt 0:02:13]} 24. Nf4 {[%emt 0:04:01]} Re8 {[%emt 0:00:38]} 25. Qd5 {[%emt 0:12:02]} Nf6 {[%emt 0:13:38]} 26. Qxf5 {[%emt 0:04:29]} Rxe4 {[%emt 0:00:59]} 27. Qxd7 {[%emt 0:07:00]} Nxd7 {[%emt 0:00:02]} 28. Kf3 {[%emt 0:00:33]} Re8 {[%emt 0:04:42]} 29. Bb2 {[%emt 0:00:57]} Nf6 {[%emt 0:01:52]} 30. Rc1 {[%emt 0:04:02]} Bb6 {[%emt 0:00:50]} 31. d5 {[%emt 0:00:33]} Re3+ {[%emt 0:05:01]} 32. Kg2 {[%emt 0:00:07]} Kh7 {[%emt 0:00:40]} 33. Bxf6 {[%emt 0:02:13]} gxf6 {[%emt 0:00:40]} 34. Rc8 {[%emt 0:01:18]} Rxa3 {[%emt 0:04:06]} 35. Rb8 {[%emt 0:00:11]} Bd4 {[%emt 0:01:31]} 36. Rxb7+ {[%emt 0:00:09]} Kg8 {[%emt 0:00:15]} 37. Rb8+ {[%emt 0:04:32]} Kf7 {[%emt 0:00:48]} 38. Rb7+ {[%emt 0:00:37]} Ke8 {[%emt 0:00:37]} 39. Ne6 {[%emt 0:00:30]} Be5 {[%emt 0:01:10]} 40. Ra7 {[%emt 0:00:38]} Ra4 {[%emt 0:02:51]} 41. Rb7 {[%emt 0:00:39]} h5 {[%emt 0:01:15]} 42. b5 {[%emt 0:00:29]} axb5 {[%emt 0:00:30]} 43. Rxb5 {[%emt 0:00:04]} Kf7 {[%emt 0:00:44]} 44. Rb7+ {[%emt 0:00:13]} Kg6 {[%emt 0:00:33]} 45. Rg7+ {[%emt 0:00:20]} Kh6 {[%emt 0:02:15]} 46. Rg8 {[%emt 0:00:38]} Ra5 {[%emt 0:01:12]} 47. Nf8 {[%emt 0:00:23]} h4 {[%emt 0:01:15]} 48. g4 {[%emt 0:00:06]} Ra2+ {[%emt 0:00:42]} 49. Kf3 {[%emt 0:00:12]} Ra3+ {[%emt 0:00:29]} 50. Ke2 {[%emt 0:00:09]} Ra2+ {[%emt 0:00:37]} 51. Kd3 {[%emt 0:00:06]} Ra3+ {[%emt 0:00:05]} 52. Kc2 {[%emt 0:01:02]} Ra2+ {[%emt 0:00:10]} 53. Kb3 {[%emt 0:00:10]} Rb2+ {[%emt 0:01:54]} 54. Ka3 {[%emt 0:00:06]} 1-0

[Event "ESP-chT 2nd Division 2019"]
[Site "Linares"]
[Date "2019.08.22"]
[Round "5.25"]
[White "Ortega Sanchis, Angela"]
[Black "Catalan Gasque, Noelia"]
[Result "1/2-1/2"]
[WhiteElo "1675"]
[BlackElo "1789"]
[Annotator "NA"]
[PlyCount "77"]
[EventDate "2019.08.19"]
[EventType "team-tourn"]
[EventCountry "ESP"]
[SourceTitle "playchess.com"]
[Source "ChessBase"]
[SourceQuality "1"]
[TimeControl "5400+30"]

1. e4 {[%emt 0:00:00]} e6 {[%emt 0:00:00]} 2. d4 {[%emt 0:00:00]} d5 {[%emt 0:00:00]} 3. Nc3 {[%emt 0:00:00]} Nf6 {[%emt 0:00:00]} 4. e5 {[%emt 0:00:08]} Nfd7 {[%emt 0:00:00]} 5. f4 {[%emt 0:00:08]} c5 {[%emt 0:00:00]} 6. Nf3 {[%emt 0:00:05]} Nc6 {[%emt 0:00:05]} 7. Be3 {[%emt 0:00:21]} cxd4 {[%emt 0:00:14]} 8. Nxd4 {[%emt 0:01:02]} Bc5 {[%emt 0:00:08]} 9. Be2 {[%emt 0:04:01]} a6 {[%emt 0:06:41]} 10. O-O {[%emt 0:05:48]} Nxd4 {[%emt 0:07:13]} 11. Bxd4 {[%emt 0:00:08]} Qb6 {[%emt 0:02:06]} 12. Bxc5 {[%emt 0:01:03]} Nxc5 {[%emt 0:04:24]} 13. Qd4 {[%emt 0:02:09]} O-O {[%emt 0:03:47]} 14. Kh1 {[%emt 0:06:49]} g6 {[%emt 0:11:45]} 15. Rf3 {[%emt 0:07:55]} Nd7 {[%emt 0:10:58]} 16. Qd2 {[%emt 0:05:46]} f6 {[%emt 0:05:48]} 17. Raf1 {[%emt 0:29:58]} fxe5 {[%emt 0:03:42]} 18. fxe5 {[%emt 0:23:59]} Rxf3 {[%emt 0:00:27]} 19. Bxf3 {[%emt 0:01:08]} Nxe5 {[%emt 0:07:43]} 20. Bxd5 {[%emt 0:02:20]} exd5 {[%emt 0:07:57]} 21. Qxd5+ {[%emt 0:00:12]} Be6 {[%emt 0:04:41]} 22. Qxe5 {[%emt 0:01:02]} Rf8 {[%emt 0:03:33]} 23. Rxf8+ {[%emt 0:02:07]} Kxf8 {[%emt 0:00:11]} 24. Qf6+ {[%emt 0:00:26]} Ke8 {[%emt 0:02:29]} 25. Qh8+ {[%emt 0:02:34]} Kf7 {[%emt 0:01:48]} 26. Qxh7+ {[%emt 0:00:23]} Kf8 {[%emt 0:04:58]} 27. Qh6+ {[%emt 0:01:30]} Kf7 {[%emt 0:03:09]} 28. Qf4+ {[%emt 0:01:01]} Kg7 {[%emt 0:01:07]} 29. Qe5+ {[%emt 0:01:16]} Kf7 {[%emt 0:01:52]} 30. b3 {[%emt 0:01:00]} Qf2 {[%emt 0:02:44]} 31. Qe2 {[%emt 0:00:05]} Qd4 {[%emt 0:00:27]} 32. Qf3+ {[%emt 0:00:38]} Ke8 {[%emt 0:00:37]} 33. h3 {[%emt 0:00:43]} Bf5 {[%emt 0:01:06]} 34. Qe2+ {[%emt 0:00:42]} Kf8 {[%emt 0:00:21]} 35. Qf3 {[%emt 0:00:28]} Ke8 {[%emt 0:00:06]} 36. g4 {[%emt 0:00:19]} Bd7 {[%emt 0:00:33]} 37. Qe2+ {[%emt 0:00:42]} Kf8 {[%emt 0:00:22]} 38. Qf3+ {[%emt 0:00:30]} Ke8 {[%emt 0:00:15]} 39. Qe2+ 1/2-1/2

[Event "ESP-chT 2nd Division 2019"]
[Site "Linares"]
[Date "2019.08.22"]
[Round "5.26"]
[White "Alcazar Jimenez, Jesus"]
[Black "Fernandez Barrera, Victor"]
[Result "1/2-1/2"]
[WhiteElo "2160"]
[BlackElo "2301"]
[Annotator "ChessBase"]
[PlyCount "73"]
[EventDate "2019.08.19"]
[EventType "team-tourn"]
[EventCountry "ESP"]
[SourceTitle "playchess.com"]
[Source "ChessBase"]
[SourceQuality "1"]
[TimeControl "5400+30"]

1. e4 {[%emt 0:00:00]} c5 {[%emt 0:00:00]} 2. Nf3 {[%emt 0:00:00]} Nc6 {[%emt 0:00:00]} 3. Bb5 {[%emt 0:00:30]} e6 {[%emt 0:00:05]} 4. Bxc6 {[%emt 0:02:14]} bxc6 {[%emt 0:00:07]} 5. b3 {[%emt 0:01:13]} Ne7 {[%emt 0:00:50]} 6. Ba3 {[%emt 0:02:39]} Ng6 {[%emt 0:04:25]} 7. d4 {[%emt 0:10:47]} Qa5+ {[%emt 0:06:24]} 8. Qd2 {[%emt 0:01:04]} Qxd2+ {[%emt 0:00:41]} 9. Nbxd2 {[%emt 0:00:07]} cxd4 {[%emt 0:01:54]} 10. Bxf8 {[%emt 0:00:12]} Rxf8 {[%emt 0:00:59]} 11. Nxd4 {[%emt 0:00:21]} Ba6 {[%emt 0:02:43]} 12. c4 {[%emt 0:02:00]} c5 {[%emt 0:04:34]} 13. Ne2 {[%emt 0:01:35]} Bb7 {[%emt 0:06:00]} 14. Nc3 {[%emt 0:02:26]} Bc6 {[%emt 0:03:40]} 15. O-O {[%emt 0:01:33]} f5 {[%emt 0:10:34]} 16. Rfe1 {[%emt 0:03:55]} O-O-O {[%emt 0:08:08]} 17. Rad1 {[%emt 0:05:42]} Kc7 {[%emt 0:04:06]} 18. f3 {[%emt 0:14:08]} h6 {[%emt 0:06:52]} 19. Nf1 {[%emt 0:04:24]} f4 {[%emt 0:05:55]} 20. Nd2 {[%emt 0:10:18]} Ne5 {[%emt 0:01:55]} 21. Ndb1 {[%emt 0:09:18]} a6 {[%emt 0:05:02]} 22. Na3 {[%emt 0:04:56]} g5 {[%emt 0:03:34]} 23. Nc2 {[%emt 0:02:20]} Rg8 {[%emt 0:02:06]} 24. Nd5+ {[%emt 0:04:58]} Kb7 {[%emt 0:07:02]} 25. h3 {[%emt 0:06:23]} h5 {[%emt 0:01:47]} 26. Kf2 {[%emt 0:04:32]} Rg7 {[%emt 0:03:34]} 27. Rh1 {[%emt 0:02:04]} d6 {[%emt 0:05:21]} 28. Nc3 {[%emt 0:00:54]} Kc7 {[%emt 0:00:49]} 29. Ne1 {[%emt 0:00:51]} Rdg8 {[%emt 0:01:30]} 30. Ne2 {[%emt 0:01:17]} Rf8 {[%emt 0:01:04]} 31. Nd3 {[%emt 0:01:06]} Nd7 {[%emt 0:01:25]} 32. h4 {[%emt 0:00:48]} e5 {[%emt 0:00:10]} 33. hxg5 {[%emt 0:00:23]} Rxg5 {[%emt 0:00:01]} 34. Rh2 {[%emt 0:00:18]} Rfg8 {[%emt 0:00:21]} 35. Rdh1 {[%emt 0:00:10]} Nf6 {[%emt 0:00:23]} 36. Nc3 {[%emt 0:00:26]} Rb8 37. Ne2 1/2-1/2

[Event "ESP-chT 2nd Division 2019"]
[Site "Linares"]
[Date "2019.08.22"]
[Round "5.27"]
[White "Buendia Pinar, Alvaro"]
[Black "Garcia Salamero, Gabriel"]
[Result "1/2-1/2"]
[WhiteElo "2277"]
[BlackElo "2168"]
[Annotator "NA"]
[PlyCount "66"]
[EventDate "2019.08.19"]
[EventType "team-tourn"]
[EventCountry "ESP"]
[SourceTitle "playchess.com"]
[Source "ChessBase"]
[SourceQuality "1"]
[TimeControl "5400+30"]

1. d4 {[%emt 0:00:03]} d5 {[%emt 0:00:00]} 2. c4 {[%emt 0:00:43]} e6 {[%emt 0:00:00]} 3. Nc3 {[%emt 0:00:39]} Nf6 {[%emt 0:00:00]} 4. Bg5 {[%emt 0:00:33]} Be7 {[%emt 0:00:00]} 5. e3 {[%emt 0:00:54]} O-O {[%emt 0:00:00]} 6. Nf3 {[%emt 0:00:26]} b6 {[%emt 0:00:55]} 7. Bd3 {[%emt 0:01:40]} Bb7 {[%emt 0:00:02]} 8. O-O {[%emt 0:00:50]} Ne4 {[%emt 0:02:43]} 9. Bxe7 {[%emt 0:00:39]} Qxe7 {[%emt 0:00:02]} 10. Qc2 {[%emt 0:05:06]} f5 {[%emt 0:03:01]} 11. cxd5 {[%emt 0:01:18]} exd5 {[%emt 0:01:04]} 12. Ne5 {[%emt 0:02:59]} c5 {[%emt 0:04:08]} 13. f3 {[%emt 0:12:42]} Nd6 {[%emt 0:02:14]} 14. f4 {[%emt 0:00:46]} Nd7 {[%emt 0:08:16]} 15. Qe2 {[%emt 0:07:28]} Nf6 {[%emt 0:06:40]} 16. a4 {[%emt 0:02:40]} a6 {[%emt 0:05:24]} 17. b3 {[%emt 0:03:56]} Rfc8 {[%emt 0:02:15]} 18. Rfc1 {[%emt 0:03:30]} Kh8 {[%emt 0:03:25]} 19. Nd1 {[%emt 0:04:52]} Qe6 {[%emt 0:19:51]} 20. Rc2 {[%emt 0:14:06]} Nde4 {[%emt 0:16:27]} 21. Rac1 {[%emt 0:01:10]} a5 {[%emt 0:04:32]} 22. Nf2 {[%emt 0:07:02]} Qe7 {[%emt 0:06:36]} 23. Bb5 {[%emt 0:09:42]} Nxf2 {[%emt 0:03:51]} 24. Qxf2 {[%emt 0:00:53]} Ne4 {[%emt 0:00:01]} 25. Qe1 {[%emt 0:00:42]} Rc7 {[%emt 0:02:45]} 26. Bd3 {[%emt 0:03:52]} Rac8 {[%emt 0:00:42]} 27. h3 {[%emt 0:06:28]} cxd4 {[%emt 0:03:01]} 28. exd4 {[%emt 0:00:10]} Rxc2 {[%emt 0:00:36]} 29. Rxc2 {[%emt 0:00:03]} Rxc2 {[%emt 0:00:06]} 30. Bxc2 {[%emt 0:00:07]} Qc7 {[%emt 0:01:19]} 31. Bd3 {[%emt 0:01:07]} h6 {[%emt 0:00:47]} 32. Kh2 {[%emt 0:00:29]} Kh7 {[%emt 0:01:01]} 33. Qh4 {[%emt 0:02:19]} Qc1 1/2-1/2

[Event "ESP-chT 2nd Division 2019"]
[Site "Linares"]
[Date "2019.08.22"]
[Round "5.28"]
[White "Garcia Garrido, Antonio"]
[Black "Jimenez Martinez, Jose Vicente"]
[Result "0-1"]
[WhiteElo "2136"]
[BlackElo "2264"]
[Annotator "NA"]
[PlyCount "64"]
[EventDate "2019.08.19"]
[EventType "team-tourn"]
[EventCountry "ESP"]
[SourceTitle "playchess.com"]
[Source "ChessBase"]
[SourceQuality "1"]
[TimeControl "5400+30"]

1. e4 {[%emt 0:00:00]} d6 {[%emt 0:00:00]} 2. d4 {[%emt 0:00:00]} g6 {[%emt 0:00:00]} 3. Nc3 {[%emt 0:00:17]} Bg7 {[%emt 0:00:00]} 4. Be3 {[%emt 0:01:04]} a6 {[%emt 0:00:00]} 5. Nf3 {[%emt 0:01:15]} b5 {[%emt 0:04:31]} 6. Bd3 {[%emt 0:04:23]} Bb7 {[%emt 0:08:10]} 7. e5 {[%emt 0:08:24]} Nd7 {[%emt 0:03:28]} 8. e6 {[%emt 0:05:30]} fxe6 {[%emt 0:00:04]} 9. Ng5 {[%emt 0:00:08]} Nf8 {[%emt 0:00:05]} 10. O-O {[%emt 0:00:08]} Nh6 {[%emt 0:00:20]} 11. a4 {[%emt 0:11:50]} b4 {[%emt 0:02:13]} 12. Ne2 {[%emt 0:08:35]} Nf7 {[%emt 0:02:26]} 13. Ne4 {[%emt 0:06:21]} e5 {[%emt 0:02:48]} 14. c3 {[%emt 0:01:28]} bxc3 {[%emt 0:13:08]} 15. bxc3 {[%emt 0:01:27]} Bxe4 {[%emt 0:23:28]} 16. Bxe4 {[%emt 0:00:13]} d5 {[%emt 0:00:04]} 17. Bb1 {[%emt 0:03:07]} exd4 {[%emt 0:08:30]} 18. Bxd4 {[%emt 0:08:58]} e5 {[%emt 0:02:47]} 19. Re1 {[%emt 0:06:50]} Ne6 {[%emt 0:03:01]} 20. f4 {[%emt 0:07:18]} O-O {[%emt 0:03:56]} 21. Bxe5 {[%emt 0:03:41]} Nxe5 {[%emt 0:01:47]} 22. fxe5 {[%emt 0:00:11]} Bxe5 {[%emt 0:00:39]} 23. Ng3 {[%emt 0:01:37]} Qd6 {[%emt 0:05:02]} 24. Ba2 {[%emt 0:01:48]} c6 {[%emt 0:00:36]} 25. c4 {[%emt 0:04:06]} Bxg3 {[%emt 0:05:52]} 26. hxg3 {[%emt 0:04:03]} Qxg3 {[%emt 0:00:17]} 27. Qd2 {[%emt 0:03:53]} Ng5 {[%emt 0:02:12]} 28. Re3 {[%emt 0:00:32]} Nh3+ {[%emt 0:00:14]} 29. Kh1 {[%emt 0:00:14]} Nf2+ {[%emt 0:00:03]} 30. Kg1 {[%emt 0:00:25]} Qh4 {[%emt 0:00:06]} 31. Rh3 {[%emt 0:00:54]} Nxh3+ {[%emt 0:00:11]} 32. gxh3 {[%emt 0:00:06]} Rf3 {[%emt 0:01:02]} 0-1